000 01531nam a2200325 a 4500
001 BRCA_3063
005 20190320204107.0
008 260109s1799----fr-a---###---#000-0#fre-u
041 _afre
044 _afr
084 _a367
_b.D48
_c1799
100 1 _aCervantes Saavedra, Miguel de
_d1547-1616
_9213
245 1 0 _aDon Quichotte de la Manche
_cMiguel de Cervantes Saavedra.
260 _aParís
_bDeterville
_c1799
300 _a6 v.
_bil.
_c13 cm.
500 _aContenido : v 1. Primera parte. Advertencia del traductor. Prólogo del autor. Texto. -- v 2. Texto. -- v 3. Texto. -- v 4. Segunda parte. Prefacio del traductor. Prólogo del autor. Texto. -- v 5. Texto. -- v 6. Texto
500 _aEdición : Traduoit de l´Espagnol de Michel de Cervantes par Florian. Ouvrage posthume. Orné de 24 figures
500 _aBonita edición, copia en tamaño menor de la anterior, para la cual redujeron las estampas de Lefèvre y Lebarbier. Piel; lomeras y cubiertas decoradas con dorados Lúdovik Osterc
500 _aCon ex-libris : Lewis Agassiz
500 _aQM288
546 _aTexto en : francés
650 1 4 _aNovela en español
_yÉpoca clásica, 1500-1700
_98384
650 1 4 _aLiteratura española
_yÉpoca clásica, 1500-1700
_9216
650 1 4 _aNovela española
_ySiglo XVII
_9217
650 1 4 _aDon Quijote (Personaje ficticio)
_eNovela
_9218
700 1 _aFlorian, Jean-Pierre Claris de
_d1755-1794
_eTraductor
_98385
740 0 _aEl Ingenioso Hidalgo Don Quijote de la Mancha
902 _aQFM
942 _2lcc
_cB
999 _c2799
_d2799